[Event "AUT-ch Open 2020"]
[Site "Graz"]
[Date "2020.02.14"]
[Round "1.27"]
[White "Schnider, Gert"]
[Black "Buonanno, Raffaele"]
[Result "1/2-1/2"]
[WhiteElo "2429"]
[BlackElo "2151"]
[Annotator "TA"]
[PlyCount "76"]
[EventDate "2020.02.14"]
[EventType "swiss"]
[EventCountry "AUT"]
[SourceTitle "playchess.com"]
[Source "ChessBase"]
[SourceQuality "1"]

{[%evp 15,76,0,0,-23,0,-25,-11,-21,-15,-44,-43,-34,-46,-47,-46,-56,-56,-52,-51,-62,-47,-117,-113,-150,-147,-141,-141,-145,-152,-136,-49,-206,-216,-192,-145,-151,-130,-126,-120,-290,-309,-387,-390,-350,-343,-314,-138,-138,-138,-138,-138,-138,-138,-138,-138,-134,-70,-143,-142,-153,-153,-153,-153]} 1. c4 Nf6 2. Nc3 g6 3. g3 Bg7 4. Bg2 O-O 5. d3 d6 6. e3 e5 7. Nge2 c6 $1 {7...c6 is better than 7...Nc6.} 8. O-O Re8 9. Rb1 {A24: English Opening vs King's Indian: Lines without ...Nc6.} a5 10. b3 Na6 {[#]} 11. a3 $146 {The position is equal.} ({Predecessor:} 11. Bb2 Bf5 12. e4 Bd7 13. d4 Qc7 14. Qd2 Nh5 15. Rbd1 Rad8 16. h3 Nb4 17. Kh2 {1-0 (47) Vunder,Y (2242)-Gantsevich,A (1985) St Petersburg 2007}) 11... d5 12. cxd5 cxd5 13. d4 e4 14. Bd2 Bf5 15. b4 axb4 16. axb4 Nc7 {[%cal Ba6c7,Bc7e6,Be6g5,Bg5f3][%mdl 32]} 17. b5 Ne6 18. Qb3 ({White should try} 18. h3 $15) 18... Ng5 $17 19. Nf4 {[%cal Rc3d5]} Nf3+ 20. Bxf3 exf3 21. Ra1 {[#]} Rxa1 $1 22. Rxa1 {[%cal Rc3d5]} Ne4 (22... Be4 $1 $17 23. h4 Bh6) 23. Be1 $2 (23. Qd1 $15) 23... Nxc3 $19 24. Bxc3 Be4 25. Qd1 Qd7 26. Nd3 Qxb5 27. Ne1 $2 (27. Nc5 $17 {is a better defense.}) 27... Rc8 28. Bd2 {[#]} Qb2 $1 29. Ra7 Bf8 30. Nxf3 {If White can now play Ne1 this consolidates a bit.} Bxf3 (30... Rc2 $19 {and Black stays clearly on top. White must now prevent ...Be7.} 31. Ra8 Kg7) 31. Qxf3 $17 Qxd2 32. Rxb7 Qc1+ 33. Kg2 Rc7 34. Rxc7 Qxc7 35. Qxd5 Qd6 (35... Qc2 $17 36. h3 Qc7) 36. Qf3 (36. Qxd6 $15 Bxd6 37. e4) 36... Be7 {Black is clearly better.} 37. h4 h5 38. Qe4 Kg7 {Accuracy: White = 61%, Black = 76%.} 1/2-1/2

[Event "AUT-ch Open 2020"]
[Site "Graz"]
[Date "2020.02.14"]
[Round "1.28"]
[White "Wahlund, Max"]
[Black "Halvax, Georg"]
[Result "0-1"]
[WhiteElo "2147"]
[BlackElo "2428"]
[Annotator "TA"]
[PlyCount "94"]
[EventDate "2020.02.14"]
[EventType "swiss"]
[EventCountry "AUT"]
[SourceTitle "playchess.com"]
[Source "ChessBase"]
[SourceQuality "1"]

{[%evp 13,196,39,34,25,40,25,38,43,52,24,41,34,61,50,42,27,52,35,80,76,66,23,30,0,1,2,0,0,3,6,20,-14,-14,-15,-15,-25,-15,-15,-14,-22,-7,-40,-11,-11,-10,-11,9,0,95,100,92,60,45,56,61,0,0,0,0,0,83,0,40,0,25,0,0,0,0,-142,-142,-135,-119,-147,-119,-119,-20,-119,-20,-147,-147,-147,-134,-133,0,0,0,-19,0,-100,-19,-19,-19,-19,0,-19,-19,-19,0,-124,0,-123,0,0,0,0,0,0,0,0,0,0,0,0,0,0,0,0,0,0,0,0,0,0,0,0,0,0,0,0,0,0,0,0,0,0,0,0,0,0,0,0,0,0,0,0,0,0,0,0,0,0,0,0,0,0,0,0,0,0,0,0,0,0,0,0,0,0,0,0,0,0,0,0,0,0,0,-12840,-12840,-12841,-12841,-12841,-12842,-12842,-12842]} 1. d4 d5 2. Nf3 Nf6 3. g3 g6 4. c4 e6 5. Bg2 Bg7 6. O-O O-O 7. Nc3 Nc6 8. Ne5 {has lost popularity (8.b3). D77: Fianchetto Grünfeld: 6 0-0: Replies other than 6...c6.} Nd7 9. cxd5 exd5 10. Nxc6 {White is slightly better.} bxc6 {[#]} 11. Qa4 $146 ({Predecessor:} 11. b3 Nb6 12. Bb2 a5 13. a4 Bf5 14. Ba3 Re8 15. e3 Nc8 16. Rc1 Nd6 17. Ne2 {0-1 (40) Xiu,D (2564)-Wang,C (2513) China 2014}) 11... Bb7 12. Rd1 a5 13. e4 Nb6 14. Qc2 a4 15. Bf4 Qd7 16. Rac1 Rfe8 17. a3 Ba6 18. Nxa4 Nxa4 19. Qxa4 Be2 20. Qc2 Bxd1 21. Rxd1 Qe6 {[%cal Rd5e4]} 22. exd5 cxd5 23. Be3 c6 24. Rc1 Rec8 25. h4 Qd7 26. Kh2 Qb7 27. Bh3 f5 28. Qd2 Ra4 29. Rc3 Qa7 {[%cal Rg7d4]} 30. Bg2 f4 {[#]} (30... Qd7 $11) 31. Bxd5+ $1 $16 {[%mdl 576] Pin} Kh8 (31... cxd5 32. Rxc8+) 32. Bxf4 Rxd4 33. Qe3 c5 $1 34. Bg2 ({White should try} 34. Bf3 $14) 34... Rxf4 $1 $11 35. Qxf4 Bxc3 36. bxc3 {[%mdl 4096] Endgame KQR-KQB} Qg7 (36... Qe7 $11) 37. c4 (37. a4 $16) 37... Qd4 38. Qf7 Qg7 39. Qf4 Rf8 40. Qe3 Qd4 $36 {[%mdl 2048] Black has some pressure.} 41. Kg1 (41. Qe6 $11) 41... Qxe3 $17 42. fxe3 {KR-KB} Rb8 43. Bd5 Kg7 {[%mdl 1024] Black has strong compensation.} 44. Kf2 Kf6 (44... Rb6 $17 45. g4 h6) 45. Kf3 (45. Bc6 $1 $11) 45... Ke5 (45... Rb3 $17 46. a4 Rb4) 46. Kg4 (46. Bc6 $1 $11 {keeps the balance.}) 46... h6 47. Kf3 Rf8+ {Played: Rb8-b3} 0-1

[Event "AUT-ch Open 2020"]
[Site "Graz"]
[Date "2020.02.14"]
[Round "1.29"]
[White "Poetz, Florian"]
[Black "Dobo, Gyula"]
[Result "1-0"]
[WhiteElo "2425"]
[BlackElo "2145"]
[Annotator "TA"]
[PlyCount "57"]
[EventDate "2020.02.14"]
[EventType "swiss"]
[EventCountry "AUT"]
[SourceTitle "playchess.com"]
[Source "ChessBase"]
[SourceQuality "1"]

{[%evp 12,57,23,23,14,19,14,17,27,23,28,0,0,0,0,-3,0,0,0,0,6,5,20,0,117,118,116,116,116,116,116,116,117,127,122,117,121,94,96,109,118,123,233,234,457,377,29997,29998]} 1. e4 c5 2. Nf3 Nc6 3. Nc3 e5 4. Bc4 Be7 5. d3 d6 6. Nd2 Bg5 7. Nf1 Bxc1 {B30: Sicilian: 2...Nc6 3 Bb5, lines without ...g6.} 8. Rxc1 Nge7 9. Ne3 O-O {The position is equal.} 10. O-O Kh8 {[#] was the old line (10...Be6).} 11. a4 $146 ({Predecessor:} 11. Qd2 f5 12. exf5 Nxf5 13. f4 Bd7 14. Bd5 Nfe7 15. fxe5 Nxd5 16. Ncxd5 dxe5 17. Rxf8+ Qxf8 {½-½ (59) Sutovsky,E (2652)-Chuchelov,V (2592) Istanbul 2003}) 11... f5 12. exf5 Nxf5 13. Ncd5 Qg5 14. f4 $36 {[%mdl 2048] Black is under pressure.} exf4 15. Rxf4 Be6 16. Qf1 {[#] Strongly threatening h4!} Ncd4 {aiming for ...Bxd5.} 17. c3 Bxd5 (17... Nxe3 $11 {remains equal.} 18. Rxf8+ Rxf8 19. Qxf8+ {[%mdl 64] Double Attack} Bg8) 18. cxd4 $16 ({And not} 18. Nxd5 Ne6 $17) 18... Bxc4 19. Rxc4 {Black must now prevent h4.} g6 20. dxc5 dxc5 21. h4 Qe7 22. Nxf5 gxf5 23. Rxf5 b6 24. Rcf4 {[%cal Rf5f8]} Rxf5 25. Rxf5 Rg8 26. Qf2 Qb7 (26... Rg4 $16 {keeps fighting.}) 27. Kh1 $18 a6 $2 (27... Qd7 {is a better defense.} 28. Rf7 Qd6 29. Rxa7 Rg4) 28. Rf7 {[#] Intending Qf6+ and mate.} Rxg2 $2 (28... Qc6 $18 29. b4 Rg6) 29. Qf6+ {Accuracy: White = 88%, Black = 67%.} ({Less strong is} 29. Rxb7 Rxf2 30. Rxb6 Rf4 $16) 1-0

[Event "AUT-ch Open 2020"]
[Site "Graz"]
[Date "2020.02.14"]
[Round "1.30"]
[White "Murray, David"]
[Black "Handler, Lukas"]
[Result "0-1"]
[WhiteElo "2145"]
[BlackElo "2422"]
[Annotator "RC"]
[PlyCount "152"]
[EventDate "2020.02.14"]
[EventType "swiss"]
[EventCountry "AUT"]
[SourceTitle "playchess.com"]
[Source "ChessBase"]
[SourceQuality "1"]
[TimeControl "40/5400+30:1800+30"]

1. e4 {[%emt 0:00:00]} e6 {[%emt 0:00:00]} 2. d4 {[%emt 0:00:00]} d5 {[%emt 0:00:00]} 3. Nc3 {[%emt 0:00:10]} Nf6 {[%emt 0:00:00]} 4. Bg5 {[%emt 0:00:42]} Be7 {[%emt 0:02:57]} 5. e5 {[%emt 0:00:16]} Nfd7 {[%emt 0:00:07]} 6. Bxe7 {[%emt 0:01:37]} Qxe7 {[%emt 0:00:18]} 7. f4 {[%emt 0:01:51]} a6 {[%emt 0:00:24]} 8. Nf3 {[%emt 0:02:34]} c5 {[%emt 0:01:11]} 9. dxc5 {[%emt 0:03:31]} Nxc5 {[%emt 0:02:45]} 10. Bd3 {[%emt 0:01:39]} Nc6 {[%emt 0:02:09]} 11. O-O {[%emt 0:02:24]} Bd7 {[%emt 0:04:40]} 12. Qd2 {[%emt 0:03:43]} h6 {[%emt 0:06:23]} 13. Qf2 {[%emt 0:04:13]} Nxd3 {[%emt 0:22:43]} 14. cxd3 {[%emt 0:00:27]} Qb4 {[%emt 0:01:44]} 15. f5 {[%emt 0:05:56]} Rc8 {[%emt 0:26:24]} 16. Rac1 {[%emt 0:15:57]} Qa5 {[%emt 0:02:47]} 17. a3 {[%emt 0:05:03]} exf5 {[%emt 0:05:42]} 18. b4 {[%emt 0:04:37]} Qxa3 {[%emt 0:04:38]} 19. Nxd5 {[%emt 0:01:21]} Be6 {[%emt 0:04:13]} 20. Rc3 {[%emt 0:13:24]} Qa4 {[%emt 0:00:24]} 21. Nb6 {[%emt 0:00:37]} Qxb4 {[%emt 0:01:19]} 22. Nxc8 {[%emt 0:02:02]} Qxc3 {[%emt 0:00:21]} 23. Nd6+ {[%emt 0:00:35]} Kf8 {[%emt 0:01:15]} 24. Qe3 {[%emt 0:05:24]} g5 {[%emt 0:03:08]} 25. Nxb7 {[%emt 0:03:45]} g4 {[%emt 0:03:20]} 26. Nh4 {[%emt 0:04:32]} Qxe5 {[%emt 0:00:57]} 27. Nxf5 {[%emt 0:01:53]} Qxe3+ {[%emt 0:00:41]} 28. Nxe3 {[%emt 0:00:07]} Kg7 {[%emt 0:00:32]} 29. Nc5 {[%emt 0:01:44]} Bc8 {[%emt 0:00:19]} 30. Rf4 {[%emt 0:06:10]} h5 {[%emt 0:01:03]} 31. d4 {[%emt 0:00:41]} Rd8 {[%emt 0:00:46]} 32. d5 {[%emt 0:00:34]} Na7 {[%emt 0:00:50]} 33. Nxa6 {[%emt 0:04:51]} Bxa6 {[%emt 0:01:00]} 34. Ra4 {[%emt 0:00:07]} Bb7 {[%emt 0:00:20]} 35. Rxa7 {[%emt 0:00:09]} Bxd5 {[%emt 0:00:05]} 36. Ra5 {[%emt 0:01:30]} Be6 {[%emt 0:01:25]} 37. Rxh5 {[%emt 0:01:00]} Kg6 {[%emt 0:00:18]} 38. Rc5 {[%emt 0:01:23]} Rd3 {[%emt 0:00:55]} 39. Kf2 {[%emt 0:01:03]} f5 {[%emt 0:00:07]} 40. Ke2 {[%emt 0:01:03]} Ra3 {[%emt 0:00:07]} 41. g3 {[%emt 0:05:43]} Bd7 {[%emt 0:02:23]} 42. Kf2 {[%emt 0:04:36]} Ra2+ {[%emt 0:02:39]} 43. Rc2 {[%emt 0:00:19]} Ra1 {[%emt 0:00:31]} 44. Nd5 {[%emt 0:00:56]} Ba4 {[%emt 0:04:15]} 45. Rd2 {[%emt 0:01:13]} Rh1 {[%emt 0:03:10]} 46. Kg2 {[%emt 0:01:12]} Rc1 {[%emt 0:01:34]} 47. Kf2 {[%emt 0:00:48]} Rh1 {[%emt 0:09:25]} 48. Kg2 {[%emt 0:02:25]} Ra1 {[%emt 0:01:24]} 49. Kf2 {[%emt 0:00:11]} Kf7 {[%emt 0:00:25]} 50. Ke3 {[%emt 0:01:36]} Bc6 {[%emt 0:07:00]} 51. Kf4 {[%emt 0:02:06]} Ra5 {[%emt 0:01:38]} 52. Ne3 {[%emt 0:03:59]} Ke6 {[%emt 0:00:56]} 53. Nc4 {[%emt 0:01:28]} Rc5 {[%emt 0:00:09]} 54. Re2+ {[%emt 0:01:38]} Kf6 {[%emt 0:00:19]} 55. Ne3 {[%emt 0:02:16]} Ra5 {[%emt 0:00:52]} 56. Rc2 {[%emt 0:00:46]} Bd7 {[%emt 0:00:45]} 57. Nc4 {[%emt 0:01:24]} Ra4 {[%emt 0:00:41]} 58. Ke3 {[%emt 0:00:15]} Be6 {[%emt 0:00:13]} 59. Nd2 {[%emt 0:03:10]} Ra1 {[%emt 0:00:29]} 60. Kf2 {[%emt 0:01:02]} Bd5 {[%emt 0:00:31]} 61. Nf1 {[%emt 0:00:51]} Be4 {[%emt 0:00:25]} 62. Rd2 {[%emt 0:01:26]} Ke5 {[%emt 0:00:30]} 63. Rb2 {[%emt 0:02:23]} Bd3 {[%emt 0:00:36]} 64. Nd2 {[%emt 0:00:12]} Rh1 {[%emt 0:00:45]} 65. Kg2 {[%emt 0:00:12]} Rd1 {[%emt 0:00:41]} 66. h4 {[%emt 0:00:48]} Kd4 {[%emt 0:01:00]} 67. h5 {[%emt 0:01:10]} Ke3 {[%emt 0:00:57]} 68. h6 {[%emt 0:00:16]} Ra1 {[%emt 0:00:30]} 69. h7 {[%emt 0:00:46]} Ra8 {[%emt 0:00:05]} 70. Nb1 {[%emt 0:00:44]} Rh8 {[%emt 0:00:09]} 71. Nc3 {[%emt 0:00:19]} Rxh7 {[%emt 0:00:13]} 72. Nd5+ {[%emt 0:00:42]} Kd4 {[%emt 0:00:12]} 73. Rd2 {[%emt 0:00:21]} Rd7 {[%emt 0:01:23]} 74. Nf4 {[%emt 0:00:29]} Ke3 {[%emt 0:00:23]} 75. Ra2 {[%emt 0:00:39]} Be4+ {[%emt 0:00:11]} 76. Kh2 {[%emt 0:00:31]} Rh7+ {[%emt 0:00:08]} 0-1

[Event "AUT-ch Open 2020"]
[Site "Graz"]
[Date "2020.02.14"]
[Round "1.31"]
[White "Socko, Monika"]
[Black "Regez, Markus"]
[Result "1-0"]
[WhiteElo "2419"]
[BlackElo "2144"]
[Annotator "TA"]
[PlyCount "137"]
[EventDate "2020.02.14"]
[EventType "swiss"]
[EventCountry "AUT"]
[SourceTitle "playchess.com"]
[Source "ChessBase"]
[SourceQuality "1"]

{[%evp 23,137,9,35,0,0,0,0,-8,0,0,0,0,11,12,33,19,12,10,14,10,30,-9,-11,-5,-8,-8,-4,-11,0,0,23,-4,-12,-16,-21,-41,-41,-43,90,90,90,90,87,90,88,90,90,90,90,90,90,81,87,90,141,141,141,141,209,202,202,202,310,297,439,439,432,432,432,399,432,432,432,432,410,410,1172,1124,1050,461,29965,29967,29961,716,29970,716,4472,3083,29978,29978,29980,29980,29979,29980,29980,29981,29982,29983,29983,0,29979,29971,29974,5985,29975,4604,29974,29975,29974,29974,29982,29983,29983,29984,29983,29984]} 1. d4 Nf6 2. c4 c5 3. d5 b5 4. cxb5 a6 5. b6 e6 6. Nc3 exd5 7. Nxd5 Nxd5 8. Qxd5 Nc6 9. Nf3 Rb8 10. e4 Be7 11. Bc4 O-O 12. O-O Rxb6 13. Be3 {A57: Benko/Volga Gambit.} d6 14. b3 Bg4 15. Be2 {The position is equal.} Bf6 16. Rac1 {[#]} Bxf3 $146 ({Predecessor:} 16... Qe7 17. h3 Bxf3 18. Bxf3 Bd4 19. Bg5 Qe6 20. Qxe6 fxe6 21. Bg4 Re8 22. Rc2 a5 {1-0 (51) Rajkovic,D (2494)-Nestorovic,N (2421) Belgrade 2008}) 17. Bxf3 Nd4 (17... Bd4 {with more complications.} 18. Bxd4 Nxd4 19. Bg4 Re8 20. f4 g6) 18. Bg4 Qa8 (18... g6 {with more complications.} 19. Rfe1 Re8 20. f4 a5 21. Bf2 Bg7) 19. Qxa8 Rxa8 20. Rfe1 g6 21. f4 Rb5 22. Bf2 Ra5 23. e5 dxe5 24. fxe5 Bg5 25. Rc4 Rxa2 26. Rxc5 Nxb3 {[#] White must now prevent ...Rxf2.} (26... Rd2 {keeps more tension.} 27. Rc4 Rd8 28. h4 Be7 29. h5 a5) 27. Rd5 (27. Rc7 {is interesting.} Bd8 28. Rd7 Ba5 29. Red1 Nd2 30. Bd4) 27... Rd2 28. Rxd2 Nxd2 29. e6 f5 30. Bd1 Re8 (30... Be7 $15 {stays ahead.}) 31. Ba4 $16 Re7 32. Bc5 Ne4 33. Bxe7 Bxe7 {[%mdl 4096] Endgame KRB-KBN} 34. Bc6 Nc5 35. g4 Kg7 36. gxf5 gxf5 37. Re3 Kf6 38. Rh3 Kxe6 (38... Kg7 $142) 39. Rxh7 a5 40. Bb5 a4 (40... Bd8 $16 41. Kg2 Ke5) 41. Bc4+ $18 Kd6 42. Rf7 Bd8 (42... Nd7 {keeps fighting.}) 43. Rxf5 Ba5 (43... Bh4 $142 44. Kf1 Be7) 44. h4 Bc3 45. Kf2 Nd7 46. Ke3 Ne5 47. Ba2 a3 48. Ke4 Bb2 49. h5 Bc3 (49... Ng4 $142 50. Rg5 Nf6+ 51. Kd3 Bc1) 50. h6 Ng6 51. Rb5 (51. Rf7 $142 Bb2 52. Kf5) 51... Nh8 (51... Nf8 $18 52. Rb8 Ke7 53. Rb7+ Ke8) 52. Kf5 Ba1 53. Rb7 (53. Rb1 $142 Bb2 54. Re1 Kd7 55. Be6+ Ke7 56. Rd1 Ng6 57. Rd7+ (57. Kxg6 Kxe6 58. Rh1 a2 $11) 57... Ke8 58. Ra7) 53... Kc6 54. Ra7 (54. Rb1 $142 Bd4 55. Ke6 Ng6 56. Rb8 Nf4+ 57. Kf5 Ne2 58. Rb3 Bh8 59. Rxa3) 54... Bb2 55. Ke6 Kb6 56. Ra4 Kc5 57. Rc4+ Kb5 58. Rg4 Kc5 59. Ke7 Ba1 60. Kf8 Bb2 61. Ke7 Ba1 $1 62. Rc4+ Kb5 63. Rc8 (63. Ke8 $142 Ng6 64. h7 Nh8 65. Ke7 Ng6+ 66. Ke8 Bb2 67. Rg4 Nh8 68. Kd7) 63... Kb6 64. Rc2 (64. Rg8 $142 Kc7 65. h7 Bb2 66. Rg3 Be5 67. Rg4 Bb2 68. Bd5 Be5 69. Ke6) 64... Bd4 65. Rg2 {White mates.} Bc5+ 66. Ke8 Bd4 67. Kf8 Kc5 68. Kg8 Ba1 69. Rg7 {Accuracy: White = 77%, Black = 56%.} 1-0

[Event "AUT-ch Open 2020"]
[Site "Graz"]
[Date "2020.02.14"]
[Round "1.32"]
[White "Wegerer, Fred"]
[Black "Nomin-Erdene, Davaademberel"]
[Result "0-1"]
[WhiteElo "2132"]
[BlackElo "2417"]
[Annotator "TA"]
[PlyCount "62"]
[EventDate "2020.02.14"]
[EventType "swiss"]
[EventCountry "AUT"]
[SourceTitle "playchess.com"]
[Source "ChessBase"]
[SourceQuality "1"]

{[%evp 9,62,-28,-28,-27,-25,-35,-36,-29,-32,-37,-20,-29,-28,-43,-20,-20,-12,-18,0,0,43,-9,49,54,53,22,53,56,85,107,84,36,37,37,79,0,114,87,71,75,135,120,97,68,138,20,17,31,62,-93,39,0,0,0,30]} 1. Nf3 f5 2. b3 d6 3. Bb2 e5 4. g3 Nf6 5. d4 e4 6. Nh4 {A04: Unusual lines after 1 Nf3 and King's Indian Attack.} d5 7. Qd2 {[#]} Bd6 $146 ({Predecessor:} 7... Be6 8. Bh3 g6 9. f3 Nc6 10. O-O Qd7 11. Nc3 O-O-O 12. a3 Rg8 13. f4 h6 {0-1 (27) Karolyi,T (2440)-Pergericht,D (2280) Belgium 1990}) 8. c4 {Black is slightly better.} c6 9. e3 Qe7 10. a4 Be6 11. Ba3 g5 12. Bxd6 Qxd6 13. c5 Qe7 14. Ng2 b6 15. b4 (15. cxb6 $14 axb6 16. h4) 15... a5 (15... O-O $11) 16. h4 gxh4 17. Rxh4 axb4 18. cxb6 {Strongly threatening Nf4.} Nfd7 19. Nf4 $36 {[%mdl 2048] White has strong initiative.} Bf7 20. b7 Ra7 21. Qb2 Nb6 22. Nd2 ({White should try} 22. Qc1 $16) 22... Rxb7 (22... Nxa4 $11 23. Qa2 (23. Qb3 Nc5 $11 {[%mdl 64] Double Attack}) 23... Qxb7) 23. Qc2 Ra7 24. a5 {[%mdl 1024] White has strong compensation.} Nc8 (24... O-O $142) 25. Nb3 $16 Nd6 26. Nc5 Nc4 (26... O-O $14) 27. a6 (27. Rh6 $16) 27... Nd7 28. Nxd7 Kxd7 29. Bh3 $2 {[#]} (29. Rh6 $14 Rb8 30. Qa4 (30. Bxc4 dxc4 31. Qa4 Rb6 $14)) 29... Qf6 (29... h5 $1 $17 {Threatens to win with ...Rb8.} 30. Bxf5+ Kc7) 30. Qb3 c5 $1 31. Qa4+ Kc7 {[%mdl 32768] Accuracy: White = 61%, Black = 55%. . Sensor Board Error (Ke4/e5)?} 0-1

[Event "AUT-ch Open 2020"]
[Site "Graz"]
[Date "2020.02.14"]
[Round "1.33"]
[White "Kosakowski, Jakub"]
[Black "Froewis, Annika"]
[Result "1-0"]
[WhiteElo "2413"]
[BlackElo "2121"]
[Annotator "RC"]
[PlyCount "117"]
[EventDate "2020.02.14"]
[EventType "swiss"]
[EventCountry "AUT"]
[SourceTitle "playchess.com"]
[Source "ChessBase"]
[SourceQuality "1"]
[TimeControl "40/5400+30:1800+30"]

1. e4 {[%emt 0:00:00]} e5 {[%emt 0:00:00]} 2. Nf3 {[%emt 0:00:03]} Nc6 {[%emt 0:00:00]} 3. Bb5 {[%emt 0:00:59]} a6 {[%emt 0:00:04]} 4. Ba4 {[%emt 0:00:19]} Nf6 {[%emt 0:00:10]} 5. Bxc6 {[%emt 0:06:23]} dxc6 {[%emt 0:01:00]} 6. d3 {[%emt 0:00:10]} Bd6 {[%emt 0:02:40]} 7. Nbd2 {[%emt 0:00:11]} Be6 {[%emt 0:12:18]} 8. b3 {[%emt 0:03:04]} Nd7 {[%emt 0:02:54]} 9. Bb2 {[%emt 0:00:15]} c5 {[%emt 0:07:59]} 10. Qe2 {[%emt 0:02:45]} Qe7 {[%emt 0:03:54]} 11. g3 {[%emt 0:04:50]} f6 {[%emt 0:02:44]} 12. Nh4 {[%emt 0:00:17]} g6 {[%emt 0:01:19]} 13. Ng2 {[%emt 0:02:47]} Nb8 {[%emt 0:05:01]} 14. Ne3 {[%emt 0:04:29]} Nc6 {[%emt 0:02:03]} 15. c3 {[%emt 0:00:15]} Qf7 {[%emt 0:02:01]} 16. Rf1 {[%emt 0:04:00]} Bh3 {[%emt 0:03:24]} 17. Rg1 {[%emt 0:00:13]} Be6 {[%emt 0:00:36]} 18. Ndc4 {[%emt 0:08:36]} O-O-O {[%emt 0:10:03]} 19. O-O-O {[%emt 0:00:35]} Bf8 {[%emt 0:08:40]} 20. f4 {[%emt 0:01:37]} Bh6 {[%emt 0:03:27]} 21. Rgf1 {[%emt 0:00:14]} Qd7 {[%emt 0:04:42]} 22. Kb1 {[%emt 0:01:19]} b5 {[%emt 0:06:20]} 23. Na3 {[%emt 0:00:17]} Rhf8 {[%emt 0:04:33]} 24. Nac2 {[%emt 0:00:33]} Qe7 {[%emt 0:04:18]} 25. f5 {[%emt 0:06:43]} Bf7 {[%emt 0:02:47]} 26. Ng4 {[%emt 0:04:43]} Bg7 {[%emt 0:00:23]} 27. Ba3 {[%emt 0:12:11]} Kb7 {[%emt 0:05:44]} 28. Nge3 {[%emt 0:14:23]} g5 {[%emt 0:01:40]} 29. Qf3 {[%emt 0:00:41]} Ka7 {[%emt 0:02:12]} 30. Nd5 {[%emt 0:00:31]} Bxd5 {[%emt 0:01:12]} 31. exd5 {[%emt 0:00:05]} b4 {[%emt 0:00:37]} 32. dxc6 {[%emt 0:01:26]} bxa3 {[%emt 0:00:05]} 33. Nxa3 {[%emt 0:00:05]} Qd6 {[%emt 0:01:02]} 34. Nc4 {[%emt 0:00:45]} Qd5 {[%emt 0:00:22]} 35. Qe4 {[%emt 0:00:07]} h5 {[%emt 0:00:40]} 36. Kc2 {[%emt 0:00:21]} Rh8 {[%emt 0:00:30]} 37. h3 {[%emt 0:00:32]} h4 {[%emt 0:00:30]} 38. g4 {[%emt 0:00:09]} Rhe8 {[%emt 0:00:28]} 39. a4 {[%emt 0:00:22]} Bf8 {[%emt 0:00:32]} 40. Ne3 {[%emt 0:00:18]} Qd6 {[%emt 0:00:33]} 41. Rb1 {[%emt 0:30:16]} Rb8 {[%emt 0:04:38]} 42. Rfe1 {[%emt 0:00:00]} Red8 {[%emt 0:05:28]} 43. Nc4 {[%emt 0:00:00]} Qd5 {[%emt 0:02:30]} 44. Rbd1 {[%emt 0:00:00]} Rd6 {[%emt 0:08:05]} 45. Qxd5 {[%emt 0:00:00]} Rxd5 {[%emt 0:00:02]} 46. d4 {[%emt 0:00:00]} cxd4 {[%emt 0:01:38]} 47. cxd4 {[%emt 0:00:00]} exd4 {[%emt 0:02:13]} 48. Rd3 {[%emt 0:00:00]} Rc5 {[%emt 0:04:43]} 49. Re6 {[%emt 0:00:00]} Bd6 {[%emt 0:00:57]} 50. Rxf6 {[%emt 0:00:00]} Rxc6 {[%emt 0:02:11]} 51. Re6 {[%emt 0:00:00]} Rb4 {[%emt 0:01:32]} 52. Rxd4 {[%emt 0:00:00]} Rcb6 {[%emt 0:01:23]} 53. Rdxd6 {[%emt 0:00:00]} Rxc4+ {[%emt 0:01:02]} 54. bxc4 {[%emt 0:00:00]} cxd6 {[%emt 0:00:05]} 55. f6 {[%emt 0:00:00]} Rb4 {[%emt 0:00:41]} 56. Kd3 {[%emt 0:00:32]} Rb3+ {[%emt 0:00:50]} 57. Ke4 {[%emt 0:00:06]} d5+ {[%emt 0:00:29]} 58. cxd5 {[%emt 0:00:07]} Ra3 {[%emt 0:00:33]} 59. f7 {[%emt 0:00:09]} 1-0

[Event "AUT-ch Open 2020"]
[Site "Graz"]
[Date "2020.02.14"]
[Round "1.34"]
[White "Wallner, Dieter"]
[Black "Schwabeneder, Florian"]
[Result "0-1"]
[WhiteElo "2116"]
[BlackElo "2412"]
[Annotator "RC"]
[PlyCount "70"]
[EventDate "2020.02.14"]
[EventType "swiss"]
[EventCountry "AUT"]
[SourceTitle "playchess.com"]
[Source "ChessBase"]
[SourceQuality "1"]
[TimeControl "40/5400+30:1800+30"]

1. d4 {[%emt 0:00:00]} Nf6 {[%emt 0:00:00]} 2. Bf4 {[%emt 0:00:00]} d5 {[%emt 0:01:32]} 3. e3 {[%emt 0:01:27]} e6 {[%emt 0:00:09]} 4. Nd2 {[%emt 0:00:38]} c5 {[%emt 0:00:12]} 5. c3 {[%emt 0:00:47]} Bd6 {[%emt 0:00:24]} 6. Bg3 {[%emt 0:02:07]} Qc7 {[%emt 0:00:33]} 7. Ngf3 {[%emt 0:04:44]} Nbd7 {[%emt 0:01:46]} 8. Bd3 {[%emt 0:03:45]} O-O {[%emt 0:00:28]} 9. Qe2 {[%emt 0:06:21]} e5 {[%emt 0:02:37]} 10. Nxe5 {[%emt 0:05:47]} Nxe5 {[%emt 0:00:24]} 11. dxe5 {[%emt 0:00:12]} Bxe5 {[%emt 0:00:09]} 12. Bxe5 {[%emt 0:05:23]} Qxe5 {[%emt 0:00:10]} 13. h3 {[%emt 0:02:48]} Bd7 {[%emt 0:16:22]} 14. O-O {[%emt 0:03:40]} Rfe8 {[%emt 0:06:12]} 15. Bb5 {[%emt 0:05:34]} Rad8 {[%emt 0:04:05]} 16. Rad1 {[%emt 0:03:10]} Qe6 {[%emt 0:09:43]} 17. Nf3 {[%emt 0:10:56]} Bc6 {[%emt 0:05:12]} 18. Bxc6 {[%emt 0:04:35]} Qxc6 {[%emt 0:00:49]} 19. Qc2 {[%emt 0:02:47]} b5 {[%emt 0:03:41]} 20. a4 {[%emt 0:04:26]} Rb8 {[%emt 0:08:33]} 21. axb5 {[%emt 0:05:34]} Qxb5 {[%emt 0:01:06]} 22. Rb1 {[%emt 0:00:52]} c4 {[%emt 0:17:36]} 23. Qf5 {[%emt 0:04:04]} Rb6 {[%emt 0:01:34]} 24. Rfd1 {[%emt 0:00:27]} g6 {[%emt 0:03:44]} 25. Qf4 {[%emt 0:08:54]} Kg7 {[%emt 0:04:33]} 26. Nd4 {[%emt 0:04:44]} Qc5 {[%emt 0:00:19]} 27. f3 {[%emt 0:04:53]} h6 {[%emt 0:03:09]} 28. g4 {[%emt 0:00:59]} Nd7 {[%emt 0:02:13]} 29. g5 {[%emt 0:01:51]} hxg5 {[%emt 0:01:13]} 30. Qxg5 {[%emt 0:00:11]} Re5 {[%emt 0:00:23]} 31. Qd8 {[%emt 0:01:30]} Qd6 {[%emt 0:00:40]} 32. Kf2 {[%emt 0:00:30]} Rb8 {[%emt 0:02:03]} 33. Qh4 {[%emt 0:00:39]} Nc5 {[%emt 0:00:36]} 34. Qg3 {[%emt 0:00:39]} Qf6 {[%emt 0:01:10]} 35. Nc6 {[%emt 0:00:17]} Ne4+ {[%emt 0:00:09]} 0-1